Bairros do Rio de Janeiro - Statistics

Estatísticas Gerais
  • Esse quiz foi jogado 137 vezes
    66 desde o último reset
  • A pontuação média é 80 de 166
Estatísticas das Respostas
Hint Resposta % Correto
Zona Sudoeste Barra da Tijuca
92%
Zona Sul Botafogo
92%
Zona Central Centro
92%
Zona Sul Copacabana
89%
Zona Sul Flamengo
89%
Zona Norte Tijuca
86%
Zona Sul Rocinha
83%
Zona Norte Jacaré
81%
Zona Central Lapa
81%
Zona Sul Leblon
81%
Zona Norte Penha
81%
Zona Sul Ipanema
78%
Zona Norte Méier
78%
Zona Central São Cristóvão
78%
Zona Sul Urca
78%
Zona Oeste Bangu
75%
Zona Sul Catete
75%
Zona Sul Glória
75%
Zona Norte Irajá
72%
Zona Sul Jardim Botânico
72%
Zona Norte Madureira
72%
Zona Norte Maré
72%
Zona Sudoeste Recreio dos Bandeirantes
72%
Zona Oeste Guaratiba
69%
Zona Sul Humaitá
69%
Zona Sudoeste Jacarepaguá
69%
Zona Sul Leme
69%
Zona Norte Maracanã
69%
Zona Oeste Campo Grande
67%
Zona Sul Gávea
67%
Zona Sul Lagoa
67%
Zona Norte Pavuna
67%
Zona Oeste Realengo
67%
Zona Central Santa Teresa
67%
Zona Sul Vidigal
67%
Zona Central Estácio
64%
Zona Norte Freguesia (Ilha)
64%
Zona Sudoeste Freguesia (Jacarépagua)
64%
Zona Central Gamboa
64%
Zona Sul Laranjeiras
64%
Zona Sul São Conrado
64%
Zona Norte Bonsucesso
61%
Zona Sudoeste Cidade de Deus
61%
Zona Sudoeste Taquara
61%
Zona Norte Vila Isabel
61%
Zona Norte Cachambi
58%
Zona Central Caju
58%
Zona Norte Engenho Novo
58%
Zona Norte Galeão
58%
Zona Central Mangueira
58%
Zona Central Santo Cristo
58%
Zona Central Vasco da Gama
58%
Zona Central Benfica
56%
Zona Central Cidade Nova
56%
Zona Norte Complexo do Alemão
56%
Zona Sudoeste Joá
56%
Zona Norte Olaria
56%
Zona Central Rio Comprido
56%
Zona Oeste Santa Cruz
56%
Zona Central Saúde
56%
Zona Sudoeste Vargem Grande
56%
Zona Sudoeste Vargem Pequena
56%
Zona Sudoeste Vila Valqueire
56%
Zona Sul Cosme Velho
53%
Zona Norte Engenho de Dentro
53%
Zona Norte Grajaú
53%
Zona Norte Inhaúma
53%
Zona Norte Manguinhos
53%
Zona Norte Oswaldo Cruz
53%
Zona Oeste Pedra de Guaratiba
53%
Zona Norte Ramos
53%
Zona Oeste Vila Kennedy
53%
Zona Norte Andaraí
50%
Zona Norte Penha Circular
50%
Zona Norte Vila da Penha
50%
Zona Norte Alto da Boa Vista
47%
Zona Oeste Barra de Guaratiba
47%
Zona Norte Cascadura
47%
Zona Central Catumbi
47%
Zona Norte Cidade Universitária
47%
Zona Oeste Paciência
47%
Zona Oeste Padre Miguel
47%
Zona Norte Rocha
47%
Zona Norte Vigário Geral
47%
Zona Norte Del Castilho
44%
Zona Norte Guadalupe
44%
Zona Norte Jacarezinho
44%
Zona Central Paquetá
44%
Zona Norte Praça da Bandeira
44%
Zona Oeste Sepetiba
44%
Zona Sudoeste Tanque
44%
Zona Oeste Vila Militar
44%
Zona Norte Acari
42%
Zona Oeste Cosmos
42%
Zona Oeste Deodoro
42%
Zona Norte Engenho da Rainha
42%
Zona Sudoeste Gardênia Azul
42%
Zona Norte Piedade
42%
Zona Norte Rocha Miranda
42%
Zona Oeste Santíssimo
42%
Zona Norte Vaz Lobo
42%
Zona Norte Zumbi
42%
Zona Norte Brás de Pina
39%
Zona Norte Coelho Neto
39%
Zona Norte Colégio
39%
Zona Norte Costa Barros
39%
Zona Sudoeste Grumari
39%
Zona Norte Marechal Hermes
39%
Zona Sudoeste Praça Seca
39%
Zona Norte Riachuelo
39%
Zona Norte Sampaio
39%
Zona Oeste Senador Camará
39%
Zona Norte Anchieta
36%
Zona Sudoeste Anil
36%
Zona Sudoeste Curicica
36%
Zona Norte Honório Gurgel
36%
Zona Norte Parada de Lucas
36%
Zona Norte São Francisco Xavier
36%
Zona Norte Barros Filho
33%
Zona Norte Cordovil
33%
Zona Norte Higienópolis
33%
Zona Oeste Ilha de Guaratiba
33%
Zona Oeste Inhoaíba
33%
Zona Sudoeste Itanhangá
33%
Zona Norte Jardim Guanabara
33%
Zona Oeste Jardim Sulacap
33%
Zona Norte Maria da Graça
33%
Zona Sudoeste Pechincha
33%
Zona Norte Portuguesa
33%
Zona Norte Abolição
31%
Zona Oeste Magalhães Bastos
31%
Zona Norte Moneró
31%
Zona Norte Quintino Bocaiúva
31%
Zona Norte Tomás Coelho
31%
Zona Norte Água Santa
28%
Zona Norte Cacuia
28%
Zona Norte Campinho
28%
Zona Norte Cavalcanti
28%
Zona Norte Jardim América
28%
Zona Norte Parque Anchieta
28%
Zona Norte Turiaçu
28%
Zona Norte Vicente de Carvalho
28%
Zona Norte Vila Kosmos
28%
Zona Norte Bancários
25%
Zona Norte Bento Ribeiro
25%
Zona Oeste Campo dos Afonsos
25%
Zona Norte Encantado
25%
Zona Oeste Jabour
25%
Zona Norte Lins de Vasconcelos
25%
Zona Norte Pilares
25%
Zona Norte Pitangueiras
25%
Zona Norte Praia da Bandeira
25%
Zona Oeste Senador Vasconcelos
25%
Zona Norte Tauá
25%
Zona Norte Todos os Santos
25%
Zona Norte Vista Alegre
25%
Zona Sudoeste Camorim
22%
Zona Norte Cocotá
22%
Zona Norte Jardim Carioca
22%
Zona Norte Ribeira
22%
Zona Oeste Gericinó
19%
Zona Norte Parque Colúmbia
19%
Zona Norte Ricardo de Albuquerque
19%
Zona Sudoeste Barra Olímpica
17%
Zona Norte Engenheiro Leal
17%
Zona Norte Argentino
8%
Nenhum quiz correspondente encontrado
Distribuição das Pontuações
Porcentagem de Pessoas com Cada Pontuação
Percentil de Números Respondidos
Sua Pontuação Histórica
Você não jogou esse quiz desde o último reset